书目信息 |
| 题名: |
日用化工
|
|
| 作者: | 谢全彪 主编 | |
| 分册: | ||
| 出版信息: | 武汉 武汉测绘科技大学出版社 1992.8 |
|
| 页数: | 397页 | |
| 开本: | 19cm | |
| 丛书名: | ||
| 单 册: | ||
| 中图分类: | TQ07 | |
| 科图分类: | 29.496 | |
| 主题词: | 日用化学制品--基本知识 | |
| 电子资源: | ||
| ISBN: | 7-81030-208-6 | |
| 000 | 00796nam0 2200253 45 | |
| 001 | 0193016782 | |
| 005 | 20070710085014.26 | |
| 010 | @a7-81030-208-6@dCNY5.60 | |
| 100 | @a19800101d1992 em y0chiy0121 ea | |
| 101 | 0 | @achi |
| 102 | @aCN@b420000 | |
| 105 | @ay z 000yy | |
| 200 | 10 | @a日用化工@ARI YONG HUA GONG@f谢全彪主编@FXIE QUAN BIAO ZHU BIAN |
| 210 | @a武汉@c武汉测绘科技大学出版社@d1992.8 | |
| 215 | @a397页@d19cm | |
| 314 | @a谢全彪,湖北孝感师专化学系副教授 | |
| 330 | @a本书内容包括∶洗涤剂、食品添加剂、涂料、化妆品等和其他日用化工产品共9部分。 | |
| 540 | 1 | @a日用 化工@ARI YONG HUA GONG |
| 606 | @a日用化学制品@x基本知识 | |
| 690 | @aTQ07@v三版 | |
| 692 | @a29.496 | |
| 701 | 0 | @a谢全彪@AXIE QUAN BIAO@4主编 |
| 801 | 0 | @aCN@bTSSF@c20070710 |
| 905 | @a10447@dTQ07@e154 | |
| 日用化工/谢全彪主编.-武汉:武汉测绘科技大学出版社,1992.8 |
| 397页;19cm |
| ISBN 7-81030-208-6:CNY5.60 |
| 本书内容包括∶洗涤剂、食品添加剂、涂料、化妆品等和其他日用化工产品共9部分。 |
| ● |
| 相关链接 |
|
|
|
|
正题名:日用化工
索取号:TQ07/154
 
预约/预借
| 序号 | 登录号 | 条形码 | 馆藏地/架位号 | 状态 | 备注 |
| 1 | 0766116 | 207661163 | 第二样本阅览室/ [索取号:TQ07/154] | 在馆 |